[Event "II Mitropa Cup juniores"]
[Site "Saint Vincent - Chatillon ITA"]
[Date "2001.09.18"]
[Round "4"]
[White "Guidarelli, Laurent"]
[Black "Sakelsek, Tadej"]
[Result "0-1"]
[WhiteElo "2323"]
[BlackElo "2202"]
[PlyCount "64"]
[EventDate "2001.09.15"]

1.e4 c5 2.Nc3 e6 3.f4 Nc6 4.Nf3 d5 5.Bb5 Nf6 6.e5 Nd7 7.Bxc6 bxc6 8.O-O 
Ba6 9.d3 c4 10.d4 g6 11.Be3 Be7 12.Ne2 h5 13.g3 Kf8 14.c3 Rb8 15.Rb1 c5 
16.dxc5 Nxc5 17.Bxc5 Bxc5+ 18.Ned4 Kg7 19.Kg2 Qb6 20.h3 Bc8 21.Qe1 Bd7 22.
g4 hxg4 23.hxg4 Rbg8 24.Qf2 Qd8 25.b4 cxb3 26.Rxb3 Qc7 27.Rfb1 Bb6 28.Ng5 
Qc4 29.Rd1 Ba4 30.f5 gxf5 31.gxf5 Kf8 32.Nxe6+ fxe6 0-1

[Event "II Mitropa Cup juniores"]
[Site "Saint Vincent - Chatillon ITA"]
[Date "2001.09.19"]
[Round "5"]
[White "Kuemin, Simon"]
[Black "Mogranzini, Roberto"]
[Result "1/2-1/2"]
[WhiteElo "2313"]
[BlackElo "2104"]
[PlyCount "57"]
[EventDate "2001.09.15"]

1.Nf3 Nf6 2.c4 g6 3.Nc3 d5 4.d4 Bg7 5.cxd5 Nxd5 6.e4 Nxc3 7.bxc3 c5 8.Rb1 
O-O 9.Be2 cxd4 10.cxd4 Qa5+ 11.Bd2 Qxa2 12.O-O b6 13.Qc1 Qe6 14.Bc4 Qxe4 
15.Bxf7+ Kh8 16.Re1 Qf5 17.Rxe7 Nc6 18.Qxc6 Qxb1+ 19.Re1 Qf5 20.Qxa8 Qxf7 
21.Bb4 Bb7 22.Qxa7 Ra8 23.Qxb6 Bxf3 24.gxf3 Qxf3 25.Bd6 Qg4+ 26.Bg3 Qxd4 
27.Qc6 Rf8 28.Re8 Qb4 29.Rxf8+ 1/2-1/2

[Event "II Mitropa Cup juniores"]
[Site "Saint Vincent - Chatillon ITA"]
[Date "2001.09.19"]
[Round "5"]
[White "Plachetka, Jan"]
[Black "Berkes, Ferenc"]
[Result "0-1"]
[WhiteElo "2443"]
[BlackElo "2525"]
[PlyCount "80"]
[EventDate "2001.09.15"]

1.d4 Nf6 2.Nf3 d5 3.c4 e6 4.Nc3 Nbd7 5.cxd5 exd5 6.Bf4 c6 7.e3 Be7 8.Bd3 
Nh5 9.Bg3 g6 10.Qc2 Nxg3 11.hxg3 Nf6 12.O-O-O Be6 13.Kb1 Qc7 14.Ng5 Bg4 
15.Rde1 Kf8 16.f3 Bd7 17.Ne2 Kg7 18.Nf4 Bb4 19.Ref1 Bd6 20.Rh4 c5 21.dxc5 
Qxc5 22.Qb3 Rac8 23.Rfh1 h6 24.Nxf7 Bxf4 25.Nxh8 Bxe3 26.a3 Rxh8 27.Qxb7 
d4 28.Rg4 g5 29.Re4 Rc8 30.Re6 Rc7 31.Qa6 Bxe6 32.Qxe6 Qd5 33.Qa6 Qc6 34.
Qa5 Qc5 35.Qa6 Qb6 36.Qa4 Rb7 37.Qc2 Qb3 38.Qxb3 Rxb3 39.Rd1 Rb6 40.Bc4 
Nd7 0-1

[Event "II Mitropa Cup juniores"]
[Site "Saint Vincent - Chatillon ITA"]
[Date "2001.09.19"]
[Round "5"]
[White "Sakelsek, Tadej"]
[Black "Vaculik, Martin"]
[Result "0-1"]
[WhiteElo "2202"]
[BlackElo "2144"]
[PlyCount "68"]
[EventDate "2001.09.15"]

1.e4 e6 2.d4 d5 3.e5 c5 4.c3 Nc6 5.Nf3 Nh6 6.Bd3 cxd4 7.cxd4 Nf5 8.Bxf5 
exf5 9.h4 h6 10.Nc3 Be6 11.Kf1 Be7 12.Rh3 Qb6 13.h5 O-O-O 14.Rg3 Rdg8 15.
Ne2 Kd7 16.Nf4 Bg5 17.Nxe6 fxe6 18.Kg1 g6 19.hxg6 Rxg6 20.b3 Rhg8 21.Bb2 
h5 22.Nxg5 Rxg5 23.Rxg5 Rxg5 24.Qd2 Qd8 25.f3 Rg6 26.Rc1 h4 27.Kh2 Qg8 28.
Rc2 Rg3 29.Qf4 Nb4 30.Re2 Nd3 31.Qd2 h3 32.Ba3 Nf4 33.Qxf4 Rxg2+ 34.Kxh3 
Rxe2 0-1

[Event "II Mitropa Cup juniores"]
[Site "Saint Vincent - Chatillon ITA"]
[Date "2001.09.19"]
[Round "5"]
[White "Vavrak, Peter"]
[Black "Santo-Roman, Marc"]
[Result "1/2-1/2"]
[WhiteElo "2286"]
[BlackElo "2426"]
[PlyCount "45"]
[EventDate "2001.09.15"]

1.c4 f5 2.g3 Nf6 3.Bg2 g6 4.d3 Bg7 5.e4 fxe4 6.dxe4 e5 7.Bg5 O-O 8.Nc3 d6 
9.h3 Be6 10.b3 Qd7 11.Nge2 c5 12.Nd5 Nc6 13.g4 Nd4 14.Nxd4 cxd4 15.Qd2 b5 
16.O-O bxc4 17.bxc4 Rac8 18.Rac1 Bxd5 19.cxd5 Qa4 20.f4 Rxc1 21.Qxc1 h6 
22.Bxf6 Bxf6 23.g5 1/2-1/2